| 000 | 00370nam a2200133Ia 4500 | ||
|---|---|---|---|
| 008 | 150202s9999 xx 000 0 und d | ||
| 020 | _a553265547 | ||
| 050 |
_aFIC _bFIC |
||
| 100 | _aBrandford, Barbara Taylor. | ||
| 245 |
_aHold the dream / _cBarbara Brandford. |
||
| 260 |
_aNew York : _bBantam Books, _c1986. |
||
| 300 |
_a671 pages : _c18 cm. |
||
| 650 | _aFiction. | ||
| 999 |
_c281864 _d281864 |
||